Normal view
MARC view
- Dr. Mubasher Jamil
Entry Personal Name
001 - CONTROL NUMBER
- control field: 16806
003 - CONTROL NUMBER IDENTIFIER
- control field: NUST
005 - DATE AND TIME OF LATEST TRANSACTION
- control field: 20190705061428.0
008 - FIXED-LENGTH DATA ELEMENTS
- fixed length control field: 190705|| aca||aabn | a|a d
040 ## - CATALOGING SOURCE
- Original cataloging agency: NUST
- Transcribing agency: NUST
100 ## - HEADING--PERSONAL NAME
- Personal name: Dr. Mubasher Jamil
670 ## - SOURCE DATA FOUND
- Source citation: Work cat.: (NUST): Hussain, Saqib 16805, Motion of a Charged Particle Around a Slowly Rotating Kerr Black Hole Immersed in a Magnetic Field /, 2014.
